| 000 | 00615nam a2200193 u 4500 | ||
|---|---|---|---|
| 005 | 20240912063831.0 | ||
| 008 | 090324s2005 ag r 000 0 spa d | ||
| 020 | _a9870402208 | ||
| 035 | _aUPN01000170097 | ||
| 049 | _aI | ||
| 050 | 4 |
_aPQ7798.12 I6.35 _bC6.4 |
|
| 100 | 1 |
_aBirmajer, Marcelo, _d1966- _930766 |
|
| 245 | 1 | 3 |
_aEl compañero desconocido : _b(diez recuerdos inventados) / _cMarcelo Birmajer ; il. María Alcobre. |
| 260 |
_aBuenos Aires : _bAlfaguara, _c2005. |
||
| 300 |
_a104 p. : _bil. |
||
| 440 | 0 |
_aAlfaguara juvenil. _pAzul |
|
| 650 | 4 |
_aCuentos infantiles argentinos _97466 |
|
| 905 | _aInfantil | ||
| 999 |
_c142203 _d142203 |
||